000 00653nam a2200241Ia 4500
003 OSt
005 20220918205940.0
006 a|||||r|||| 00| 0
007 ta
008 220917b |||||||| |||| 00| 0 eng d
024 _a118,476
037 _cTextual
040 _aARTS
_cARTS
_beng
041 _2eng
_aeng
082 _aV73L:19wM67, H8,H8;1
100 _aStimson Henry L
_9116620
245 0 _aOn active service in peace and war
260 _c1948
650 _aHISTORY
700 _a Bundy Mc George
_9116621
942 _hV73L:19wM67, H8,H8;1
_cTEXL
_2CC
999 _c241745
_d241745